| 000 | 00513 a2200181 4500 | ||
|---|---|---|---|
| 003 | OSt | ||
| 005 | 20180116182626.0 | ||
| 008 | 160818b xxu||||| |||| 00| 0 eng d | ||
| 028 | _aIRWIN BOSTON | ||
| 040 | _c0 | ||
| 050 | _a658.5 | ||
| 082 | _a658.5 AQU | ||
| 100 | _aAquilano,Nicholas J. | ||
| 110 | _aS.THOMAS FOSTER,JR. | ||
| 245 |
_aFUNAMENTALS OF OPERATIONS MANAGMENT _bTEST BANK AND COMPU TEST MANUAL _cNicholas J.Aquilano |
||
| 260 |
_aAmerica _bIRWIN BOSTON _c1991 |
||
| 942 |
_aNBS _cBK _k658.5 AQU _2ddc |
||
| 999 |
_c342957 _d342957 |
||